=LDR 00000nam 2200000 4500 =001 INLIS000000000045332 =990 ##$$a 21421837 =005 20150120084950.0 =990 ##$$a 21421838 =006 =990 ##$$a 21421839 =007 =990 ##$$a 21421840 =008 =990 ##$$a 21421841 =020 ##$$a 979-744-444-9 =035 ##$$0010-011500000000158 =040 ##$$a NBPDMAT =082 ##$$a 028.5 =090 ##$$a 028.5 $b her b =100 ##$$a Hermawan =245 ##$$a Bertamasya ke luar angkasa / $c Hermawan ; editor, Anis Apriliawati =260 ##$$a Jakarta : $b Ganeca Exact, $c 2006 =300 ##$$a 60 hlm. : $b ilus. ; $c 29 cm. =650 ##$$a Bacaan Kanak - Kanak =700 ##$$a Anis Apriliawati =850 ##$$a NBPDMAT =990 ##$$a 21421840 =990 ##$$a 21421837 =990 ##$$a 21421838 =990 ##$$a 21421839 =990 ##$$a 21421841